| 000 | 00383nam a22001697a 4500 | ||
|---|---|---|---|
| 005 | 20260413154837.0 | ||
| 008 | 160627b xxu||||| |||| 00| 0 eng d | ||
| 020 | _a0-340-91087-9 | ||
| 041 | _aeng | ||
| 082 | _a823.912 | ||
| 100 |
_aByton, Enid _92868 |
||
| 245 | _aThe famous five | ||
| 260 |
_bHodder _c2005 |
||
| 300 | _a218 | ||
| 650 |
_aenglish fiction _98925 |
||
| 942 | _cBK | ||
| 999 |
_c4150 _d4149 |
||